| 000 | 01807cam a2200505 i 4500 | ||
|---|---|---|---|
| 001 | zz2006970124 | ||
| 003 | NUKAT | ||
| 005 | 20260420063543.0 | ||
| 008 | 060621s1829 fr a |000 0dfre c | ||
| 035 | _a(OCoLC)830262291 | ||
| 035 | _a(NUKAT)zz2006970124 | ||
| 040 |
_aWA U/76BM _cWA U/BM _dWA U/76JM _dŁ U/MSs _dWR O/IS _dWR O/KPK |
||
| 041 | 0 |
_afre _apol |
|
| 044 |
_afr _asz |
||
| 045 | 2 |
_bd1797 _bd1801 |
|
| 046 | _k1829 | ||
| 100 | 1 |
_aChodźko, Leonard _d(1800-1871). _940313 |
|
| 245 | 1 | 0 |
_aHistoire des Légions polonaises en Italie, sous le commandement du général Dombrowski. _nT. 2 / _cpar Léonard Chodźko. |
| 250 | _a2e ed. | ||
| 260 |
_aParis ; _aGenève : _bJ. Barbezat, _c1829 _e(Paris : _fJ. Pinard). |
||
| 300 |
_a[8], 596 s., [1] k. tabl. złoż. ; _c21 cm. |
||
| 336 |
_aTekst _btxt _2rdacontent |
||
| 337 |
_aBez urządzenia pośredniczącego _bn _2rdamedia |
||
| 338 |
_aWolumin _bnc _2rdacarrier |
||
| 380 | _aKsiążki | ||
| 388 | 1 | _a1801-1900 | |
| 510 | 4 |
_aEstr XIX wyd. 2, _ct. 3 s. 151. |
|
| 530 | _aDostępny równierz w formie elektronicznej. | ||
| 546 | _aTekst częśc. w jęz. pol. i fr. | ||
| 600 | 1 | 7 |
_aDąbrowski, Jan Henryk _d(1755-1818) _2DBN _940315 |
| 600 | 1 | 4 |
_aDąbrowski, Jan Henryk _d(1755-1818). _2kaba _91057 |
| 610 | 2 | 7 |
_aLegiony Polskie (1797-1801) _2DBN _940316 |
| 610 | 2 | 4 |
_aLegiony Polskie we Włoszech. _2kaba _91752 |
| 648 | 7 |
_a1701-1800 _2DBN _936035 |
|
| 648 | 7 |
_a1801-1900 _2DBN _936037 |
|
| 650 | 7 |
_aWojsko _2DBN _935355 |
|
| 651 | 7 |
_aPolska _2DBN _935076 |
|
| 651 | 7 |
_aWłochy _2DBN _937698 |
|
| 655 | 7 |
_aOpracowanie _2DBN _935024 |
|
| 655 | 7 |
_aWydawnictwo źródłowe _2DBN _935066 |
|
| 658 | _aBezpieczeństwo i wojskowość | ||
| 658 | _aHistoria | ||
| 856 | 4 | 1 | _uhttp://www.dbc.wroc.pl/dlibra/publication/6536 |
| 942 |
_2ddc _cBK_NM |
||
| 999 |
_c27700 _d27700 |
||